Регионална библиотека "Любен Каравелов" - Русе

Песни (Запис номер 374011)

MARC детайли
000 -Лидер
Контролно поле с фиксирана дължина ncm a22 c 4500
003 - Код на организацията, давaща контролен номер
Контролно поле BLK
005 - Дата и час на последна редакция
Контролно поле 20200709122154.0
008 - Елементи от данни с фиксирана дължина
fixed length control field 180414b bul |a|er|||| |0| c|bulo|
010 ## - Наследен системен номер
LC control number NOT00000787000
040 ## - Източник на каталожния запис
Идентификатор на билиотеката - собственик на записа BLK
041 ## - Код за език
Код за езика на текст/звукозапис или на отделно заглавие Български
Код за езика КДБФ Български
080 ## - УДК
Текстов определител УДК Камерна вок. муз. Песни, балади, арии, романси
УДК код - определител по УДК 784.3
100 1# - Редна дума - Автор
Автор Жеков, Петър
Авторска отговорност първи автор
R(LIN) 385144
139 ## - Редно поле
Редна дума Жеков, Петър
Авторски знак Жеко - Ж 32
245 10 - Сведения за заглавието
Заглавие Песни
Подзаглавни данни За глас със съпровод на пиано; Романси и песни
Редно поле (дума) Петър Жеков; текст на том Пейо Яворов.
Том Тетр. 1 -
Заглавие на том Тетр. 9
257 ## - Страна на издаване
Страна на създаване/издаване България
260 ## - Област на издателските данни
Година на издаване 1994 -
Място на издаване, разпространение и проч. Стара Загора
Печатница Печ. Наука и техника
300 ## - Физическа характеристика
Размери/Мащаб 33 см
380 ## - Жанр
Жанр Изкуство
500 ## - Общи забележки
Забележка Забележка към том: Съдържа 27 песни
650 #7 - Допълнително описание по предмет – тема
9 (RLIN) 166108
Основно описание – тема или топоним Песни
653 #7 - Ключова дума – ненормативна
9 (RLIN) 184164
Ключова дума глас
700 ## - Други автори (авторска отговорност)
Лично име Яворов, Пейо Крачолов
Автороска отговорност (Описва отношението между автора и произведението) текст
9 (RLIN) 1581
760 1# - Описание на основната серия
Редна дума на основното описание Жеков, Петър
Поясняваща информация 75 с.
Страници - том 75 с.
Забележка - том Съдържа 27 песни
Заглавие За глас със съпровод на пиано; Романси и песни
Част - том Тетр. 9
852 ## - Местоположение
Форматна сигнатура Цб М ІІ 11177
Част 0
Фондова буква Хранилище
856 4# - Електронен адрес и достъп
Електронен формат pdf - файл
Път до файла /url/
856 4# - Електронен адрес и достъп
Електронен формат pdf - файл
Път до файла /url/
999 ## - СИСТЕМНИ КОНТРОЛНИ НОМЕРА
Koha biblionumber 374011
Koha biblioitemnumber 374011
942 ## - АРТИКУЛИ
Вид на библиотечния материал Нотни издания
Скрит в OPAC Не
Периодичен библиозапис Да
944 ## - СЪЗДАВАНЕ И РЕДАКЦИЯ на ЗАПИСА
Създаване/Редакция Създаване
Дата на регистрацията/редакция 2020-07-09
Служител, извършил регистрацията/редакцията Атанаска Минкова
999 ## - СИСТЕМНИ КОНТРОЛНИ НОМЕРА
Koha biblioitemnumber 374011
999 ## - СИСТЕМНИ КОНТРОЛНИ НОМЕРА
Koha biblioitemnumber 374008
999 ## - СИСТЕМНИ КОНТРОЛНИ НОМЕРА
Koha biblioitemnumber 374008
999 ## - СИСТЕМНИ КОНТРОЛНИ НОМЕРА
Koha biblioitemnumber 374006
999 ## - СИСТЕМНИ КОНТРОЛНИ НОМЕРА
Koha biblioitemnumber 374006
999 ## - СИСТЕМНИ КОНТРОЛНИ НОМЕРА
Koha biblioitemnumber 298071
Наличности
Код за отписване Код за изгубен артикул Източник на класификационната схема Код за повреда Коз за рестрикции Код за отдаване Артикулен № Име на библиотеката - собственик Име на библиотеката, в която се намира в момента Статус (Текущо местоположение) Дата на вписване в системата Местоположение - отдел Цена в лева Инвентарен номер Систематично азбучна сигнатура Баркод Цена в евро Служебен тип на артикула
  Не е изгубен Universal Decimal Classification Не е повреден само за читалня ползва се в читалня 783294 Регионална библиотека "Любен Каравелов" Русе Регионална библиотека "Любен Каравелов" Русе Хранилище 2020-07-10 Хранилище 0.01 1959/95 Цб М ІІ 11177 900000024473 0.01 Нотни издания
Vip Innovations Ltd, Rousse, Bulgaria 2025